Спутники

Detalhes bibliográficos
Autor principal: Панова В. Ф. Вера Федоровна
Outros Autores: Старикова Е. В. (автор предисловия), Панченко А. Н. Андрей Николаевич (иллюстратор)
Resumo:Авт. и загл. указаны на корешке
В суперобложке.
Idioma:russo
Publicado em: Москва, Книга, 1985
coleção:Книга и время
Assuntos:
Formato: MixedMaterials Livro
KOHA link:https://koha.lib.tpu.ru/cgi-bin/koha/opac-detail.pl?biblionumber=234167

MARC

LEADER 00000nam0a2200000 4500
001 234167
005 20231101231311.0
010 |b 7000 экз. 
035 |a (RuTPU)RU\TPU\book\255269 
090 |a 234167 
100 |a 20130319d1985 m y0rusy50 ca 
101 0 |a rus 
102 |a RU 
105 |a ac z 000ay 
200 1 |a Спутники  |f В. Ф. Панова  |g вступит. ст. Е. В. Стариковой ; худож. А. Н. Панченко 
210 |a Москва  |c Книга  |d 1985 
215 |a 575 с.  |c ил., портр.  |d 10 см. 
225 1 |a Книга и время 
300 |a Авт. и загл. указаны на корешке 
300 |a В суперобложке. 
610 1 |a советская литература 
610 1 |a военная проза 
610 1 |a миниатюрные издания 
686 |a Ч611.68  |v LBC/SL-A  |2 rubbk 
700 1 |a Панова  |b В. Ф.  |c русский прозаик, драматург, киносценарист  |f 1905-1973  |g Вера Федоровна  |2 stltpush  |3 (RuTPU)RU\TPU\pers\15434  |9 5346 
702 1 |a Старикова  |b Е. В.  |4 080 
702 1 |a Панченко  |b А. Н.  |c художник-иллюстратор  |f 1946-  |g Андрей Николаевич  |2 stltpush  |3 (RuTPU)RU\TPU\pers\30544  |4 440  |9 14840 
801 1 |a RU  |b 63413507  |c 20130319 
942 |c BK